00481pab a2200157 454500008004000000100001600040245006000056260000900116300001200125362001000137650002400147773002000171909001000191999001700201952010500218180718b2004 xxu||||| |||| 00| 0 eng d aGosai, M.R. aDiaspora: an emerging area of interdisciplinary studies c2004 ap.1-10. a8 Nov aNonresident Indians aUniversity News a63188 c63188d63188 00104070aIIPAbIIPAd2018-07-19hVolume no: 42, Issue no: 45pAR63638r2018-07-19w2018-07-19yAR